Central Library OPAC University of Rajshahi

শিক্ষাজগৎ / (Record no. 55038)

MARC details
000 -LEADER
fixed length control field 00740nam a2200229 a 4500
001 - CONTROL NUMBER
control field 55038
003 - CONTROL NUMBER IDENTIFIER
rucl marc code BD-RjUL
005 - DATE AND TIME OF LATEST TRANSACTION
control field 20211209080215.0
008 - FIXED-LENGTH DATA ELEMENTS--GENERAL INFORMATION
fixed length control field 161113s2009 bg ||||| |||| 00| 0 ben d
020 ## - INTERNATIONAL STANDARD BOOK NUMBER
International Standard Book Number 9840747525
Terms of availability : Tk.170.00
035 ## - SYSTEM CONTROL NUMBER
System control number (BD-RjUL)55160
040 ## - CATALOGING SOURCE
Original cataloging agency BD-RjUL
Language of cataloging ben
Transcribing agency BD-RjUL
Modifying agency BD-RjUL
041 ## - LANGUAGE CODE
Language code of text/sound track or separate title ben
082 ## - DEWEY DECIMAL CLASSIFICATION NUMBER
Edition number 23
Classification number 370
Author mark and year KHS 2009
100 ## - MAIN ENTRY--PERSONAL NAME
Personal name খান, শাওয়াল
9 (RLIN) 164077
245 10 - TITLE STATEMENT
Title শিক্ষাজগৎ /
Statement of responsibility, etc. শাওয়াল খান,
260 ## - PUBLICATION, DISTRIBUTION, ETC. (IMPRINT)
Place of publication, distribution, etc. ঢাকা :
Name of publisher, distributor, etc. বাংলা একাডেমী,
Date of publication, distribution, etc. ২০০৯.
300 ## - PHYSICAL DESCRIPTION
Pagination [১২], ৩২০ পৃ. ;
Size ২৩ সেমি.
650 ## - SUBJECT ADDED ENTRY--TOPICAL TERM
Topical term or geographic name as entry element শিক্ষা
9 (RLIN) 164078
Topical term or geographic name as entry element Education
9 (RLIN) 164079
942 ## - ADDED ENTRY ELEMENTS (KOHA)
Source of classification or shelving scheme Dewey Decimal Classification
Koha item type Books
Holdings
Lost status Source of classification or shelving scheme Damaged status Not for loan Collection code Permanent Location Current Location Shelving location Date acquired Source of acquisition Cost, normal purchase price Total Checkouts Full call number Date last seen Date checked out Copy number Koha item type
  Dewey Decimal Classification     Non-fiction Central Library, University of Rajshahi Central Library, University of Rajshahi   01/02/2012 Bangla Academy, Dhaka. 170.00 1 B 370 KHS 2009 03/01/2018 01/01/2018 C-2 Books
  Dewey Decimal Classification   Not For Loan Non-fiction Central Library, University of Rajshahi Central Library, University of Rajshahi Reading Room 01/02/2012 Bangla Academy, Dhaka 170.00   B 370 KHS 2009 26/12/2016   C-1 Books